000 01217nam a2200349 i 4500
001 12879
003 KOSZ 005
005 20250812063402.0
008 070706s1970 pl a g d 000 0 pol
015 _aPB 1970/4157
040 _aWA N
_cWA N
_dKOSZ 005/RW
046 _k1970
080 _a62(03)
100 1 _aChmielewski, Heliodor
_d(1911-1981)
_eAutor
245 1 0 _aIlustrowany słownik techniczny dla wszystkich /
_cHeliodor Chmielewski, Ignacy Baran, Stefan Skupiński.
250 _aWydanie 4.
260 _aWarszawa :
_bWydawnictwa Naukowo-Techniczne,
_c1970.
300 _a427, [1] strona :
_bilustracje ;
_c23 cm.
336 _2rdacontent
_aTekst
_btxt
337 _2rdamedia
_aBez urządzenia pośredniczącego
_bn
338 _2rdacarrier
_aWolumin
_bnc
380 _aKsiążki.
388 _a1901-2000
650 4 _aTechnika
655 4 _aEncyklopedia
658 _aInżynieria i technika
700 1 _aBaran, Ignacy.
_eAutor
700 1 _aSkupiński, Stefan
_eAutor
710 2 _aWydawnictwa Naukowo-Techniczne
_4pbl.
856 _uhttp://koha.tu.koszalin.pl/cgi-bin/koha/opac-detail.pl?biblionumber=12879
_yKatalog online BPK
942 _2UKD
_cKS
999 _c12879
_d12879